Fr. Conceicao Rodrigues College of Engineering

Communication systems Analysis and Design: A System Approach (Record no. 26918)

MARC details
000 -LEADER
fixed length control field 00322nam a2200121Ia 4500
100 ## - MAIN ENTRY--PERSONAL NAME
Personal name William Richard A
245 ## - TITLE STATEMENT
Title Communication systems Analysis and Design: A System Approach
260 ## - PUBLICATION, DISTRIBUTION, ETC.
Name of publisher, distributor, etc. Prentice Hall
Place of publication, distribution, etc. New Jersey
Date of publication, distribution, etc. 1987
300 ## - PHYSICAL DESCRIPTION
Extent 653
546 ## - LANGUAGE NOTE
Language note ENGLISH
654 ## - SUBJECT ADDED ENTRY--FACETED TOPICAL TERMS
Focus term communication systems
942 ## - ADDED ENTRY ELEMENTS (KOHA)
Koha item type BOOK
Holdings
Withdrawn status Lost status Damaged status Not for loan Collection Home library Current library Date acquired Source of acquisition Cost, normal purchase price Total Checkouts Full call number Barcode Date last seen Cost, replacement price Price effective from Koha item type
        CRC Fr. Agnel's C.Rodrigues College of Engineering Fr. Agnel's C.Rodrigues College of Engineering 17/03/2023 global books 440.82   6674 17/03/2023 440.82 17/03/2023 BOOK